书目信息 |
| 题名: |
感动大人的图画书
|
|
| 作者: | 柳田邦男 著 ;王志庚 译 | |
| 分册: | ||
| 出版信息: | 桂林 广西师范大学出版社 2018.06 |
|
| 页数: | 191页 | |
| 开本: | 21cm | |
| 丛书名: | ||
| 单 册: | ||
| 中图分类: | ||
| 科图分类: | ||
| 主题词: | 图画故事--文学研究--世界--现代 , 文学--世界 | |
| 电子资源: | ||
| ISBN: | 978-7-5598-0569-0 | |
| 000 | 00970nam0 2200289 450 | |
| 001 | 2354980999 | |
| 005 | 20231123063213.92 | |
| 010 | @a978-7-5598-0569-0@dCNY32.80 | |
| 100 | @a20180706d2018 cemy0chiy50 ea | |
| 101 | 1 | @achi@cjpn |
| 102 | @aCN@b450000 | |
| 105 | @aa z 001yy | |
| 106 | @ar | |
| 200 | 1 | @a感动大人的图画书@f(日) 柳田邦男著@g王志庚译 |
| 210 | @a桂林@c广西师范大学出版社@d2018.06 | |
| 215 | @a191页@c彩图@d21cm | |
| 314 | @a柳田邦男, 日本纪实文学作家。王志庚, 研究馆员, 国家图书馆少儿馆馆长等。 | |
| 320 | @a有索引 | |
| 330 | @a《感动大人的图画书》是一部引领大人走进图画书王国的阅读指导书。柳田邦男通过讲述自己中年丧子的亲身经历和多年阅读图画书治愈心灵的经验, 向读者传达图画书带给大人的能量。 | |
| 606 | 0 | @a图画故事@x文学研究@y世界@z现代 |
| 606 | 0 | @a文学@x世界 |
| 690 | @a@v5 | |
| 690 | @aI106.8@v4 | |
| 701 | 0 | @a柳田邦男@4著 |
| 702 | 0 | @a王志庚@4译 |
| 801 | 0 | @aCN@b安徽时代出版发行有限公司@c20180706 |
| 905 | @dI106.8@e331 | |
| 感动大人的图画书/(日) 柳田邦男著/王志庚译.-桂林:广西师范大学出版社,2018.06 |
| 191页:彩图;21cm |
| ISBN 978-7-5598-0569-0:CNY32.80 |
| 《感动大人的图画书》是一部引领大人走进图画书王国的阅读指导书。柳田邦男通过讲述自己中年丧子的亲身经历和多年阅读图画书治愈心灵的经验, 向读者传达图画书带给大人的能量。 |
| ● |
| 相关链接 |
|
|
|
|
正题名:感动大人的图画书
索取号:I106.8/331
 
预约/预借
| 序号 | 登录号 | 条形码 | 馆藏地/架位号 | 状态 | 备注 |
| 1 | 1411077 | 214110772 | 第一样本阅览室/ [索取号:I106.8/331] | 在馆 | |
| 2 | 1411078 | 214110781 | 第二借阅区/ [索取号:I106.8/331] | 在馆 | |
| 3 | 1411079 | 214110790 | 教育系资料室/ [索取号:I106.8/331] | 在馆 | |
| 4 | 1411080 | 214110807 | 教育系资料室/ [索取号:I106.8/331] | 在馆 | |
| 5 | 1411081 | 214110816 | 第二借阅区/ [索取号:I106.8/331] | 在馆 |